000 01670nam a22001577a 4500
999 _c528055
_d528055
008 241105b ||||| |||| 00| 0 eng d
100 _aFreeman, L. et al
_959429
245 _aWhere do they go? The destinations of residents moving from gentrifying neighborhoods
260 _aUrban Affairs Review
300 _a60(1), Jan, 2024: p.304-348
520 _aThe fate of residents living in gentrifying neighborhoods remains an important yet little understood outcome of the gentrification process. In this study, we assess the effects of gentrification on mobility patterns using the geocoded version of the panel study of income dynamics (PSID), a nationally representative longitudinal survey of households. While many studies examine whether residents move from gentrifying neighborhoods, few study their destinations. We utilize PSID data from 2001 to 2017 to identify each respondent's census tract and characteristics of the tract to which they moved. We find little difference in the socioeconomic status or access to the urban core of the destination neighborhoods of residents originating in gentrifying neighborhoods compared to the destination neighborhoods of residents originating in nongentrifying neighborhoods. Our findings inform debates on whether residents of gentrifying neighborhoods are pushed out of central cities and into worse neighborhoods than residents of other low-income neighborhoods.- Reproduced https://journals.sagepub.com/doi/full/10.1177/10780874231169921
650 _aGentrification, Neighborhood change, Displacement, residential mobility.
_948590
773 _aUrban Affairs Review
906 _aHOUSING
942 _cAR